000 00473pab a2200169 454500
008 180718b2015 xxu||||| |||| 00| 0 eng d
100 _aPande, Sanjay
245 _aGeneral individual values of Indian government servants: what lies beneath?
260 _c2015
300 _ap.438-451.
362 _aJan
650 _aCivil service - India
650 _aCivil service
700 _aJain, Neetu
773 _aIndian Journal of Industrial Relations
909 _a108791
999 _c108786
_d108786